| 000 | 00000nam 2200000zi 4500 |
| 001 | 9.932455 |
| 003 | CaOODSP |
| 005 | 20240405154932 |
| 006 | m o d f |
| 007 | cr cn||||||||| |
| 008 | 240115t20242024quc o f000 0 fre d |
| 020 | |a9780660696256 |
| 040 | |aCaOODSP|bfre|erda|cCaOODSP |
| 043 | |an-cn--- |
| 086 | 1 |aEn4-645/2024F-PDF |
| 245 | 00|aActivités industrielles additionnelles reconnues dans le cadre du système de tarification fondé sur le rendement. |
| 264 | 1|aGatineau (Québec) : |bEnvironnement et changement climatique Canada = Environment and Climate Change Canada, |c2024. |
| 264 | 4|c©2024 |
| 300 | |a1 ressource en ligne (5 pages) |
| 336 | |atexte|btxt|2rdacontent/fre |
| 337 | |ainformatique|bc|2rdamedia/fre |
| 338 | |aressource en ligne|bcr|2rdacarrier/fre |
| 500 | |aTitre de la couverture. |
| 500 | |aPublié aussi en anglais sous le titre : List of recognized additional industrial activities under the output-based pricing system. |
| 500 | |a« EC23040. » |
| 650 | 6|aTaxe sur le carbone|xDoit|zCanada. |
| 650 | 6|aCompensation des émissions de carbone|xDroit|zCanada. |
| 650 | 6|aGaz à effet de serre|xRéduction|xDroit|zCanada. |
| 710 | 1 |aCanada. |bEnvironnement et changement climatique Canada, |eorganisme de publication. |
| 775 | 08|tList of recognized additional industrial activities under the output-based pricing system.|w(CaOODSP)9.932454 |
| 856 | 40|qPDF|s3.25 Mo|uhttps://publications.gc.ca/collections/collection_2024/eccc/en4/En4-645-2024-fra.pdf |